Eléments de Mathématique: Algébre commutative

Uloženo v:
Podrobná bibliografie
Hlavní autor: Bourbaki, Nicolás
Médium: Kniha
Jazyk:francouzština
Vydáno: París, Francia Hermann 1961
Edice:Actualités Scientifiques et Industrielles. 1290
Témata:
Tagy: Přidat tag
Žádné tagy, Buďte první, kdo vytvoří štítek k tomuto záznamu!

MARC

LEADER 00000nam a2200000 a 4500
001 UCP0599
003 CL-VaPUC
005 20240118131215.0
008 990313e19610000FR |||||||||||||||||fre|d
999 |c 279362  |d 279360 
040 |c Pontificia Universidad Católica de Valparaíso 
082 0 4 |a 512.24 BOU 1961  |2 21 
100 0 |a Bourbaki, Nicolás  |9 425968 
245 1 0 |a Eléments de Mathématique: Algébre commutative 
260 0 3 |a París, Francia  |b Hermann  |c 1961 
300 |a 187 páginas 
490 0 |a Actualités Scientifiques et Industrielles.  |v 1290 
505 |a Chapitre 1: Modules plats. Chapitre 2: Localisation. 
583 |a last modification  |c 19990313 00:00:00  |k Rodrigo Vera 
650 0 |a Álgebra conmutativa  |9 269932 
650 0 |a Módulos   |9 356144 
650 0 |a Anillos  |9 374316 
650 0 |a Topología espectral   |9 425969 
942 |c BK  |2 ddc 
945 |d 19990313 00:00:00  |a crobeson 
952 |0 0  |1 0  |2 ddc  |4 0  |6 512_240000000000000_BOU_1961  |7 0  |8 A  |9 318462  |a BIBMAT  |b BIBMAT  |d 2019-11-20  |i 1322427  |o 512.24 BOU 1961  |p 1322427  |r 2025-01-07  |t 1  |w 2019-11-20  |y BK  |k MAT